000 00693nam a2200217Ia 4500
001 3140
003 GE_BSU
008 181216s||||||||xx |||||||||||||| ||und||
040 _cGE_BSU
080 _a621.3(075.8)
100 _aГольдберг,О.Д. Курин,Я.С. вириденко,И.С.
245 _aПроектирование электрических машин.
245 _bУчебник для втузов.
245 _cПод.ред.О.Д.Гольдберга.
260 _aМ.
260 _bВысш. школа.
260 _c1984.
300 _a431стр.илл.
653 _aПроектирование электрических машин.
942 _cBK
999 _c37184
_d37184